| 000 | 00548cab a2200193 4500 | ||
|---|---|---|---|
| 001 | WB2433-06 | ||
| 008 | 090401t1988 xxu||||| |||| 00| 0 eng d | ||
| 035 | _a(Sirsi) u89209 | ||
| 041 | _aeng | ||
| 245 | _aWhere to live in London | ||
| 260 | _c1988 | ||
| 350 | _a0 | ||
| 490 |
_aDaily Telegraph _v17/8/88 p26 |
||
| 520 | _aIdentifies some publications which might be of use to prospective house hunters choosing where to live in London . | ||
| 650 | _aHOME OWNERSHIP | ||
| 690 | _aECONOMIC AND SOCIAL | ||
| 942 | _n0 | ||
| 948 | _c04/03/1997 | ||
| 999 |
_c56420 _d56420 |
||